000
00303nam a22001217a 4500
008
190312b xxu||||| |||| 00| 0 eng d
041
_a
eng
080
_a
043.3
100
_a
0
101
_a
SHKI-BA
245
_a
Zhvillimi i Web-Aplikacionit për monitorimin e senzorëve
_c
Gjergji,E
942
_2
udc
_c
BK
999
_c
54720
_d
54720